Faktory ekonomického rastu z hľadiska verejných financií
Vzájomné väzby a podmienenosti medzi súkromným a verejným sektorom. Význam reforiem vo verejných financiách pre rozvoj podnikania, pre dôstojný život človeka. Znižovanie deficitu verejných financií je nevyhnutné. Možnosti postupu znižovania sú rôzne. Faktory ekonomického rastu - spotrebná metóda HDP...
Enregistré dans:
| Auteur principal: | |
|---|---|
| Format: | Chapitre de livre |
| Langue: | slovaque |
| Sujets: | |
| Tags: |
Pas de tags, Soyez le premier à ajouter un tag!
|
MARC
| LEADER | 00000naa$a2200000$$$4500 | ||
|---|---|---|---|
| 001 | 0007536 | ||
| 005 | 20231106091016.7 | ||
| 041 | 0 | |a slo | |
| 044 | |a SK | ||
| 245 | 1 | 0 | |a Faktory ekonomického rastu z hľadiska verejných financií |c aut. Jozef Troják |
| 520 | |a Vzájomné väzby a podmienenosti medzi súkromným a verejným sektorom. Význam reforiem vo verejných financiách pre rozvoj podnikania, pre dôstojný život človeka. Znižovanie deficitu verejných financií je nevyhnutné. Možnosti postupu znižovania sú rôzne. Faktory ekonomického rastu - spotrebná metóda HDP. | ||
| 610 | 2 | 0 | |a financie verejné |
| 610 | 2 | 0 | |a rast hospodársky |
| 610 | 2 | 0 | |a produkt domáci hrubý |
| 610 | 2 | 0 | |a podnikanie |
| 610 | 2 | 0 | |a reformy |
| 610 | 2 | 0 | |a deficit |
| 100 | 1 | |a Troják, Jozef | |